Statistics for The Last Five Players To Win MVP In All North American Sports

Click here to take the quiz!

General Stats

  • This quiz has been taken 67 times
  • The average score is 11 of 20

Answer Stats

HintAnswer% Correct
NFLPatrick Mahomes
93%
NBAGiannis Antetokounmpo
87%
NFLTom Brady
87%
NBAStephen Curry
85%
NBANikola Jokic
84%
NFLAaron Rodgers
80%
NBAJames Harden
78%
NBARussell Westbrook
73%
MLBPaul Goldschmidt/Aaron Judge
64%
MLBMike Trout/Cody Bellinger
58%
NHLConnor McDavid
56%
MLBBryce Harper/Shohei Ohtani
55%
NFLLamar Jackson
53%
NFLMatt Ryan
38%
MLBMookie Betts/Christian Yelich
35%
NHLAuston Matthews
29%
MLBFreddie Freeman/José Abreu
25%
NHLLeon Draisaitl
22%
NHLNikita Kucherov
18%
NHLTaylor Hall
15%

Score Distribution

Percentile by Number Answered

Percent of People with Each Score

Your Score History

You have not taken this quiz